Science and technology of polymer processing: Proceedings (Record no. 33699)

MARC details
000 -LEADER
fixed length control field 00300nam a2200109Ia 4500
082 ## - DEWEY DECIMAL CLASSIFICATION NUMBER
Classification number 678:54:061.3
Item number NAM
245 #0 - TITLE STATEMENT
Title Science and technology of polymer processing: Proceedings
260 ## - PUBLICATION, DISTRIBUTION, ETC. (IMPRINT)
Place of publication Cambridge
Name of publisher MIT
Year of publication 1979
700 ## - ADDED ENTRY--PERSONAL NAME
Personal name Nak-Ho Sung
942 ## - ADDED ENTRY ELEMENTS (KOHA)
Koha item type Books
Holdings
Withdrawn status Lost status Damaged status Not for loan Home library Current library Date acquired Cost, normal purchase price Full call number Accession Number Koha item type
        RRII Library RRII Library 16/12/2021 50.00 678:54:061.3 NAM 14145 Books